000 00735nam a2200193 a 4500
001 000025123
005 20200930023557.0
008 090904s2010 dr 000 0 spa d
040 _aDO-SdBNP
_bspa
_cBNPHU
082 _a344.01
_bR426c
110 2 _aRepública Dominicana
_9447
245 1 0 _aLey No. 16-92 :
_bcódigo de trabajo de la República Dominicana /.
260 _aSanto Domingo :
_bMAD,
_c2010.
300 _a256 p. :
_b22 cm.
500 _aContiene las modificaciones que se han introducido a los artículos del Código de Trabajo (art. 177. 184, 222, 473 y 103-99)
650 4 _aDerecho laboral
_xLegislación
_zRepública Dominicana
_97806
650 4 _aLegislación laboral
_zRepública Dominicana
_911733
049 _aBNPD
999 _c24616
_d24616